000 00669nam a2200265Ia 4500
005 20260121161424.0
008 008 260114s9999 xx 000 0 eng d
020 _a9781315274058
037 _aEBOOK
040 _aCRL
040 _beng
040 _cCRL
041 _2eng
041 _aeng
084 _qCRL
100 _aDesign of Experiments
_91044549
245 0 _aVirgil Anderson; Thomas Lorenzen
260 _bTaylor and Francis
260 _c1993
650 _aMathematics & Statistics for Engineers
_91044550
856 _uhttp://www.taylorfrancis.com/books/9781315274058
942 _cEBOOK
999 _c1610682
_d1610682